000 00332nam a2200133Ia 4500
008 230917s9999||||xx |||||||||||||| ||und||
040 _e51247
_aMAIN
041 _aEnglish
082 _a410 T343T
245 0 _aTheoretical aspects of linguistics
260 _aMoscow
_bSocial Science Press
_c1977
300 _a136 p.
942 _cBK
999 _c196915
_d196915